| 000 | 00868nam a22002057a 4500 | ||
|---|---|---|---|
| 999 |
_c13218 _d13218 |
||
| 003 | AR-CdUCM | ||
| 008 | 190411b ||||| |||| 00| 0 spa d | ||
| 040 |
_aMUNICIPALIDAD PROVINCIAL DEL CUSCO _cBIBLIOTECA MUNICIPAL DEL CUSCO |
||
| 082 |
_a341.481 / _bUN61 |
||
| 110 |
_aComisión organizadora de la semana de los derechos del niño _931497 |
||
| 245 | _aPerú II conferencia anual por los derechos del niño políticas sociales y derechos del niño / | ||
| 260 |
_aLima : _bUNICEF, _c1996. |
||
| 300 |
_a204 páginas ; _c21 cm. |
||
| 505 | _aContenido : Políticas sociales, pobreza y grupos vulnerables -- Preguntas y respuestas -- Plataforma de acción en favor de la niña y la mujer ... | ||
| 650 |
_aNiños y niñas _931498 |
||
| 650 |
_aConferencia _911919 |
||
| 650 |
_aPolíticas sociales _931499 |
||
| 942 |
_2ddc _cLIBROS |
||
| 945 |
_arah _d11/04/2019 |
||